Economía y política del turismo internacional

Guardat en:
Dades bibliogràfiques
Autor principal: Vellas, Francois (Autor)
Format: Llibre
Idioma:espanyol
Publicat: Madrid Síntesis 2004
Matèries:
Etiquetes: Afegir etiqueta
Sense etiquetes, Sigues el primer a etiquetar aquest registre!

MARC

LEADER 00000nam a2200000 a 4500
001 UCG0847
003 CL-VaPUC
008 100408e20040000SP |||||||||||||||||spa|d
020 |a 8497561929 
082 0 4 |a 338.4791  |b VEL  |2 21 
100 0 |a Vellas, Francois  |e author  |9 548484 
245 1 0 |a Economía y política del turismo internacional 
300 |a 302 p 
942 |c BK 
945 |d 20100408 00:00:00  |a dcastane 
260 |a Madrid  |b Síntesis  |c 2004 
650 0 |a Turismo  |9 308920 
650 0 |a Industria turística  |9 347913 
650 7 |a ECONOMIA DEL TURISMO  |2 CL-VaPUC  |9 548485 
650 7 |a TURISMO Y ECONOMIA  |2 CL-VaPUC  |9 548471 
650 7 |a TURISMO INTERNACIONAL  |2 CL-VaPUC  |9 434170 
583 |a last modification  |c 20131230 05:29:18  |k Rodrigo Vera 
999 |c 340365  |d 340363 
952 |0 0  |1 0  |4 0  |6 338_479100000000000_VEL_2004  |7 0  |8 A  |9 435011  |a BIBING  |b BIBING  |d 2019-11-22  |i 4658507  |o 338.4791 VEL 2004  |p 4658507  |r 2025-01-20  |w 2019-11-22  |y BK  |k GEO